| 000 | 00396nam a2200157Ia 4500 | ||
|---|---|---|---|
| 008 | 231217s9999 xx 000 0 und d | ||
| 020 | _a8178811332 | ||
| 041 | _aEnglish | ||
| 082 | _a658.1 SAT.3;1 R | ||
| 100 | _aSatish, D ed. | ||
| 245 | 0 | _aCorporate finance V.3 | |
| 260 |
_c2003 _bICFAI Press _aHyderabad |
||
| 300 | _aviii, 154+A15 | ||
| 650 | _aCorporate,finance,V.3 | ||
| 942 | _cAA | ||
| 999 |
_c189053 _d189053 |
||